1053 1724 1268 1089 1515 1961 1964 1941 1964 1579 1993 1180 1093 1818 1461 1854 1998 1182 1378 1300 1607 1952 1416 1749 1267 1367 1290 1768 1896 1616 1993 1872 1046 1257 1325 1316 1818 1502 1159 1615 1579 1686 1529 1253 1039 1781 1338 1023 1707 1809 1838 1964 1393 1891 1716 1980 1487 1163 1119 1440 1285 1191 1874 1007 1495 1611 1941 1990 1039 1887 1385 1048 1531 1888 1628 1810 1548 1535 1215 1001 1358 1043 1186 1633 1913 1981 1385 1169 1240 1566 1385 1780 1376 1354 1857 1302 1968 1514 1378 BCNSPRNW ULIB Ver.6.0+V

เปลี่ยนเป็นภาษาไทย

Change to English
 แสดงรายละเอียดบรรณานุกรม
  กลับหน้าหลัก

Brief Record : Get Marc (ISO 2709) : E-mail record : QR code < ปิดหน้าต่าง
LEADER : 00000nam 2200000uu 4500
001    13399113598
003     ULIB
008    020711s2550 th a 000 0 tha d
020    9743230521
090    นว.^bบ334จ 2550
100    บินหลา สันกาลาคีรี
245    เจ้าหงิญ/^cบินหลา สันกาลาคีรี
250    พิมพ์ครั้งที่ 19
260    กรุงเทพฯ :^bมติชน,^c2550
300    127 หน้า
710 1  มติชน
945    ^p100^l0^i14459
945    ^p100^l0^i022034
995    ทศพร
999 ^a ทศพร
รายการนี้ยังไม่มีแท็ก
คุณยังไม่ได้ล็อกอิน คุณสามารถมีกิจกรรมร่วมกับเว็บไซต์ได้ แต่ต้องล็อกอินก่อน ::
  ล็อกอิน

รายการสื่อสารสนเทศ

ลำดับที่ ประเภท เลขเรียก/บาร์โค้ด สถานที่ สถานะ
1. นวนิยาย
นวนิยาย
นว. บ334จ 2550 ฉ.1 
  Barcode: 14459
ห้องสมุดวิทยาเขตสวรรค์ประชารักษ์
►นวนิยาย
บนชั้น
  ขอยืม
2. นวนิยาย
นวนิยาย
นว. บ334จ 2550 ฉ.1 
  Barcode: 022034
ห้องสมุดวิทยาเขตสวรรค์ประชารักษ์
►นวนิยาย
บนชั้น
  ขอยืม

BibComment


ยังไม่เคยถูกคอมเมนท์

คอมเมนท์ทรัพยากรรายการนี้
  คอมเมนท์: เจ้าหงิญ บินหลา ส..


 Copyright 2026. Bcnsprnw @Library